[Event "37th ECC Women 2022"]
[Site "Mayrhofen AUT"]
[Date "2022.10.08"]
[Round "6.4"]
[Board "4"]
[White "Vidic, Teja"]
[Black "Tarleva, Diana"]
[Result "1/2-1/2"]
[WhiteTitle "WIM"]
[BlackTitle "WGM"]
[WhiteElo "2126"]
[BlackElo "2175"]
[WhiteTeam "TAJFUN - SK Ljubljana"]
[BlackTeam "Blue & Yellow"]
[WhiteFideId "14605511"]
[BlackFideId "14107244"]
[EventDate "2022.10.03"]

1. e4 e6 2. d4 d5 3. Nc3 Nf6 4. e5 Nfd7 5. f4 c5 6. Nf3 Nc6 7. Be3 a6 8. Qd2 b5
9. dxc5 Bxc5 10. Bxc5 Nxc5 11. O-O-O Qa5 12. Nd4 Nxd4 13. Qxd4 b4 14. Nb5 axb5
15. Qxc5 Bd7 16. Rd4 b3 17. a3 Qe1+ 18. Rd1 Qe4 19. Bxb5 Qxf4+ 20. Rd2 Rd8 21.
cxb3 Qxe5 22. Rf1 Qg5 23. Re1 Bxb5 24. Qxb5+ Rd7 25. Re2 Qf4 26. Kb1 Qd6 27. Rc2
O-O 28. Rc6 Qe7 29. b4 d4 30. Qe5 d3 31. Rd2 Rd5 1/2-1/2

[Event "37th ECC Women 2022"]
[Site "Mayrhofen AUT"]
[Date "2022.10.08"]
[Round "6.5"]
[Board "1"]
[White "Roebers, Eline"]
[Black "Rakhmangulova, Anastasiya"]
[Result "1-0"]
[BlackTitle "WIM"]
[WhiteElo "2352"]
[BlackElo "2261"]
[WhiteTeam "SK Erste Bank Baden"]
[BlackTeam "Haifa-Nesher"]
[WhiteFideId "1058401"]
[BlackFideId "14117479"]
[EventDate "2022.10.03"]

1. e4 c5 2. Nf3 d6 3. d4 cxd4 4. Nxd4 Nf6 5. Nc3 a6 6. Qd3 Nbd7 7. Be2 Nc5 8.
Qe3 e5 9. Nb3 Nxb3 10. axb3 Be7 11. O-O O-O 12. f4 exf4 13. Qxf4 Be6 14. Be3 Qc7
15. Qg3 Nd7 16. Bh6 Qc5+ 17. Kh1 Qe5 18. Bf4 Qc5 19. Nd5 Bxd5 20. exd5 Ne5 21.
c4 Rae8 22. Be3 Qc7 23. Bd4 a5 24. Qc3 b6 25. b4 axb4 26. Qxb4 Nd7 27. Qd2 Bf6
28. Bg1 Be5 29. Ra3 Ra8 30. Rh3 f5 31. b4 g6 32. Rc1 Ra4 33. Bd1 Ra6 34. Bb3
Rfa8 35. Rf3 Ra1 36. Rff1 Rxc1 37. Rxc1 Ra3 38. Qd1 Bf4 39. Ra1 Qa7 40. Rxa3
Qxa3 41. Ba4 Nf6 42. c5 Qxb4 43. cxb6 Ne4 44. Qd4 Qb1 45. Bc2 Qxc2 46. b7 Qb1
47. Qa7 Nf2+ 48. Qxf2 Qxb7 49. Qxf4 Qxd5 50. Bd4 Kf7 51. Qh4 Ke6 52. h3 Qe4 53.
Qf6+ Kd5 54. Bf2 f4 55. Kg1 h5 56. h4 Qb1+ 57. Kh2 Qe4 58. Qg7 Kc6 59. Qa7 Kd5
60. Qa2+ Ke5 61. Kg1 Kf5 62. Qb3 Kf6 63. Kf1 Ke7 64. Be1 Kf6 65. Bd2 Kf5 66.
Qh3+ Ke5 67. Bc3+ Kd5 68. Qf3 Qxf3+ 69. gxf3 Ke6 70. Ba5 g5 71. hxg5 Kf5 72. Bd8
d5 73. Bf6 Kg6 74. Kg2 h4 75. Kh2 d4 1-0

[Event "37th ECC Women 2022"]
[Site "Mayrhofen AUT"]
[Date "2022.10.08"]
[Round "6.5"]
[Board "2"]
[White "Belenkaya, Dina"]
[Black "Wagner, Dinara"]
[Result "1/2-1/2"]
[WhiteTitle "WGM"]
[BlackTitle "WGM"]
[WhiteElo "2263"]
[BlackElo "2390"]
[WhiteTeam "Haifa-Nesher"]
[BlackTeam "SK Erste Bank Baden"]
[WhiteFideId "24142654"]
[BlackFideId "24157570"]
[EventDate "2022.10.03"]

1. e4 c5 2. Nf3 d6 3. Bb5+ Nd7 4. O-O a6 5. Bxd7+ Bxd7 6. d4 cxd4 7. Qxd4 Nf6 8.
a4 e5 9. Qd3 Rc8 10. Bg5 Be6 11. Rd1 Bc4 12. Qe3 Ng4 13. Bxd8 Nxe3 14. fxe3 Rxd8
15. b3 Be6 16. c4 Be7 17. Nc3 Rc8 18. Nd5 Bd8 19. Nd2 Bxd5 20. exd5 f5 21. a5 b6
22. axb6 Bxb6 23. Rxa6 Bxe3+ 24. Kf1 Bc5 25. Nf3 h6 26. Ne1 Kd7 27. Nd3 Bd4 28.
Nb4 Ra8 29. Rxa8 Rxa8 30. Nc2 Bc3 31. Rd3 Bb2 32. Ke2 e4 33. Rd1 Ra2 34. Kd2 Be5
35. g3 f4 36. gxf4 Bxf4+ 37. Kc3 Bxh2 38. Re1 Be5+ 39. Kd2 e3+ 40. Kd3 Rb2 41.
b4 h5 42. c5 dxc5 43. bxc5 Bg3 44. Rxe3 Rb3+ 45. Ke4 Rxe3+ 46. Nxe3 Bf2 47. c6+
Kc7 48. Nf5 g6 49. Ne7 g5 50. Ke5 Bg3+ 51. Kf5 h4 52. Kg4 Kd6 53. Nf5+ Kxd5 54.
Nxg3 Kxc6 1/2-1/2

[Event "37th ECC Women 2022"]
[Site "Mayrhofen AUT"]
[Date "2022.10.08"]
[Round "6.5"]
[Board "3"]
[White "Heinemann, Josefine"]
[Black "Orian, Noga"]
[Result "1-0"]
[WhiteTitle "WGM"]
[WhiteElo "2318"]
[BlackElo "1940"]
[WhiteTeam "SK Erste Bank Baden"]
[BlackTeam "Haifa-Nesher"]
[WhiteFideId "12900460"]
[BlackFideId "2836475"]
[EventDate "2022.10.03"]

1. e4 c5 2. Nf3 d6 3. Bb5+ Nd7 4. a4 Nf6 5. Nc3 a6 6. Be2 b6 7. d4 e6 8. O-O Bb7
9. d5 exd5 10. exd5 Be7 11. h3 O-O 12. Bf4 Re8 13. Bc4 Bf8 14. Re1 Rxe1+ 15.
Qxe1 Qc7 16. Bh2 Re8 17. Qf1 Qc8 18. Qd3 Qa8 19. Rd1 g6 20. b3 Kg7 21. Kf1 Kg8
22. g4 h6 23. Bg3 Qc8 24. Kg1 Kg7 25. Kh2 Ne5 26. Nxe5 dxe5 27. f3 Bd6 28. Ne4
Nxe4 29. fxe4 g5 30. Rf1 f6 31. Rf5 Rf8 32. Kg2 Qa8 33. Be1 Bc8 34. Rf2 Qb7 35.
Bd2 Rh8 36. Qf1 Rf8 37. Rf3 Qa7 38. Be3 a5 39. Kf2 Bd7 40. Bb5 Bxb5 41. Qxb5 Qc7
42. Ke2 Rb8 43. Kd3 Be7 44. Kc4 Qa7 45. Bd2 Rc8 46. Be1 Qc7 47. Qc6 Qxc6 48.
dxc6 Rxc6 49. Rd3 Rc7 50. Rd5 Rc8 51. Kb5 Bd8 52. c4 h5 53. Ka6 hxg4 54. hxg4
Be7 55. Rd7 Kf8 56. Kxb6 Rb8+ 57. Rb7 Rd8 58. Bxa5 Rd3 59. Kc6 Rd4 60. Bc7 Rxe4
61. a5 Re1 62. a6 Ra1 63. a7 Kf7 64. Bd8 Ra6+ 65. Kb5 Ra3 66. Rxe7+ Kg6 67. Ba5 1-0

[Event "37th ECC Women 2022"]
[Site "Mayrhofen AUT"]
[Date "2022.10.08"]
[Round "6.5"]
[Board "4"]
[White "Golovchanskaya, Alina"]
[Black "Trippold, Denise"]
[Result "0-1"]
[BlackTitle "WFM"]
[WhiteElo "1684"]
[BlackElo "2146"]
[WhiteTeam "Haifa-Nesher"]
[BlackTeam "SK Erste Bank Baden"]
[WhiteFideId "4176677"]
[BlackFideId "1625594"]
[EventDate "2022.10.03"]

1. d4 Nf6 2. c4 e6 3. Nf3 b6 4. g3 Ba6 5. Nbd2 Bb4 6. Qc2 O-O 7. Bg2 c6 8. O-O
d5 9. b3 Nbd7 10. Bb2 Rc8 11. e4 c5 12. Rfd1 cxd4 13. exd5 e5 14. a4 Bd6 15. Ng5
h6 16. Nge4 Ne8 17. Nxd6 Nxd6 18. Ne4 Nxe4 19. Bxe4 Nc5 20. Bf5 Rc7 21. b4 Nd7
22. b5 Bb7 23. Ba3 Nc5 24. f4 exf4 25. Rxd4 Re8 26. Rxf4 Rce7 27. Raf1 Re2 28.
Bh7+ Kh8 29. Qf5 Bc8 30. Qb1 Bh3 31. Rxf7 Bxf1 32. Qg6 Ne6 33. Kxf1 Ra2 34. Bb4
Ra1+ 35. Kg2 Ra2+ 36. Kf1 Qc8 37. Qd3 Nc5 38. Bxc5 Qh3+ 39. Kg1 Qg2# 0-1

[Event "37th ECC Women 2022"]
[Site "Mayrhofen AUT"]
[Date "2022.10.08"]
[Round "6.6"]
[Board "1"]
[White "Eric, Jovana"]
[Black "Ptacnikova, Lenka"]
[Result "1-0"]
[WhiteTitle "WGM"]
[BlackTitle "WGM"]
[WhiteElo "2252"]
[BlackElo "2055"]
[WhiteTeam "Sirmium"]
[BlackTeam "Garðabaer Chessclub"]
[WhiteFideId "938238"]
[BlackFideId "305650"]
[EventDate "2022.10.03"]

1. e4 c5 2. Nf3 e6 3. d4 cxd4 4. Nxd4 Nc6 5. Nc3 Qc7 6. Be2 a6 7. O-O Nf6 8. Be3
Be7 9. f4 d6 10. Kh1 O-O 11. Qe1 Nxd4 12. Bxd4 b5 13. a3 Bb7 14. Qg3 Rad8 15.
Bf3 Bc6 16. Rad1 Qb7 17. Rfe1 Ne8 18. Nd5 g6 19. Nxe7+ Qxe7 20. Bc3 f6 21. f5 g5
22. fxe6 Qxe6 23. Ba5 Rb8 24. Bh5 Qe5 25. Qb3+ Kh8 26. Bc3 Qe7 27. Qb4 a5 28.
Qxa5 Ng7 29. Bf3 Qe6 30. Qc7 1-0

[Event "37th ECC Women 2022"]
[Site "Mayrhofen AUT"]
[Date "2022.10.08"]
[Round "6.6"]
[Board "2"]
[White "Johannsdottir, Johanna Bjorg"]
[Black "Blagojevic, Tijana"]
[Result "0-1"]
[BlackTitle "WIM"]
[WhiteElo "1964"]
[BlackElo "2266"]
[WhiteTeam "Garðabaer Chessclub"]
[BlackTeam "Sirmium"]
[WhiteFideId "2303108"]
[BlackFideId "16500270"]
[EventDate "2022.10.03"]

1. e4 e5 2. Nf3 Nc6 3. Bc4 Bc5 4. d3 Nf6 5. a4 a6 6. Nbd2 O-O 7. O-O d6 8. h3
Ne7 9. c3 Ng6 10. d4 Ba7 11. Re1 exd4 12. cxd4 d5 13. Bb3 dxe4 14. Nxe4 Nxe4 15.
Rxe4 Bf5 16. Re2 Qd7 17. Be3 Rad8 18. Qe1 Bd3 19. Rd2 Be4 20. Ne5 Qf5 21. f3 Bd5
22. Bc2 Qf6 23. Nxg6 hxg6 24. Qg3 Rde8 25. Qf4 Re7 26. Qxf6 gxf6 27. Bf2 Rd8 28.
b4 Red7 29. h4 Bb6 30. h5 Kg7 31. a5 Ba7 32. Re1 Bc4 33. hxg6 fxg6 34. Re4 Bf7
35. Rg4 c6 36. Rd1 Bb8 37. Re1 Bd6 38. d5 cxd5 39. Bb6 Rh8 40. Rd1 Re7 41. Kf2
Rhe8 42. Bd3 Rh8 43. Rc1 Ree8 44. Bf5 Re7 45. Bd3 Rh5 46. Bb1 Be5 47. b5 axb5
48. Rb4 Be8 49. Bd3 Bd6 50. Rbb1 d4 51. Bd8 Re6 52. Be4 Bf4 53. Rc2 Be3+ 54. Ke2
Bc6 55. a6 Bxe4 56. Rc7+ Kh6 57. a7 Bxb1 58. f4 Bxf4+ 59. Kf3 Bxc7 60. a8=Q Re3+ 0-1

[Event "37th ECC Women 2022"]
[Site "Mayrhofen AUT"]
[Date "2022.10.08"]
[Round "6.6"]
[Board "3"]
[White "Gajcin, Marina"]
[Black "Thorsteinsdottir, Hallgerdur"]
[Result "1-0"]
[WhiteTitle "WIM"]
[BlackTitle "WFM"]
[WhiteElo "2228"]
[BlackElo "1959"]
[WhiteTeam "Sirmium"]
[BlackTeam "Garðabaer Chessclub"]
[WhiteFideId "949086"]
[BlackFideId "2302454"]
[EventDate "2022.10.03"]

1. e4 c6 2. Nc3 d5 3. Nf3 Bg4 4. h3 Bxf3 5. Qxf3 e6 6. Be2 Nf6 7. O-O Be7 8. Rd1
d4 9. Nb1 Nbd7 10. d3 Qc7 11. g3 O-O 12. Qg2 c5 13. f4 b5 14. Nd2 a6 15. Kh1
Rfd8 16. Nf3 Nb6 17. g4 Rac8 18. g5 Ne8 19. Rf1 c4 20. Ne5 Nd7 21. Ng4 Bd6 22.
e5 Bb4 23. Nf6+ Nexf6 24. gxf6 g6 25. h4 Nb6 26. h5 Kf8 27. a3 Ba5 28. Qg5 Ke8
29. Qh6 Kd7 30. Bf3 Nd5 31. Bxd5 exd5 32. Qg5 cxd3 33. cxd3 Qc2 34. Qg3 Qe2 35.
Qh3+ Ke8 36. b4 Rc3 37. hxg6 hxg6 38. e6 fxe6 39. Be3 Qxe3 40. Rf3 Rc1+ 41. Rxc1
Qxc1+ 42. Rf1 Qe3 43. Qh7 1-0

[Event "37th ECC Women 2022"]
[Site "Mayrhofen AUT"]
[Date "2022.10.08"]
[Round "6.6"]
[Board "4"]
[White "Thorsteinsdottir, Gudlaug"]
[Black "Zarkovic, Mila"]
[Result "0-1"]
[WhiteTitle "WFM"]
[BlackTitle "WIM"]
[WhiteElo "2014"]
[BlackElo "2219"]
[WhiteTeam "Garðabaer Chessclub"]
[BlackTeam "Sirmium"]
[WhiteFideId "2300753"]
[BlackFideId "900451"]
[EventDate "2022.10.03"]

1. d4 Nf6 2. Nf3 e6 3. g3 b6 4. Bg2 Bb7 5. O-O Be7 6. c4 O-O 7. Nc3 Ne4 8. Qc2
Nxc3 9. Qxc3 f5 10. Rd1 Bf6 11. b4 d6 12. Bb2 Nd7 13. Qd2 a5 14. a3 Be4 15. Ne1
Bxg2 16. Nxg2 Qe7 17. Bc3 axb4 18. axb4 Bg5 19. Qc2 Qf7 20. Rxa8 Rxa8 21. Ra1
Rxa1+ 22. Bxa1 f4 23. gxf4 Bxf4 24. Qe4 Bd2 25. b5 h6 26. e3 Nf6 27. Qc2 Bb4 28.
Nf4 d5 29. Nd3 Bd6 30. c5 Qg6+ 31. Kf1 Bxh2 32. cxb6 cxb6 33. Ke2 Ne4 34. Qc6
Qg4+ 35. Ke1 Qg1+ 36. Ke2 Qg4+ 37. Ke1 Bg1 38. Qe8+ Kh7 39. Qf7 Bh2 40. Bb2 Qg1+
41. Ke2 Qb1 42. Qh5 Qc2+ 43. Kf3 0-1

[Event "37th ECC Women 2022"]
[Site "Mayrhofen AUT"]
[Date "2022.10.08"]
[Round "6.7"]
[Board "1"]
[White "Mayrhuber, Nikola"]
[Black "Katkov, Michelle"]
[Result "0-1"]
[WhiteTitle "WFM"]
[BlackTitle "WFM"]
[WhiteElo "2117"]
[BlackElo "2219"]
[WhiteTeam "SK Zell/Zillertal"]
[BlackTeam "Rishon Lezion Chess Club"]
[WhiteFideId "1637819"]
[BlackFideId "2816393"]
[EventDate "2022.10.03"]

1. d4 Nf6 2. c4 e6 3. Nc3 Bb4 4. e3 O-O 5. Bd2 d5 6. Nf3 b6 7. cxd5 exd5 8. Rc1
Bb7 9. Bd3 Re8 10. Ne5 Bf8 11. O-O c5 12. f4 Nc6 13. Qf3 cxd4 14. Nxc6 Bxc6 15.
exd4 Rc8 16. f5 Ne4 17. Bf4 Qf6 18. Be5 Rxe5 19. dxe5 Qxe5 20. Bxe4 dxe4 21. Qf4
Bc5+ 22. Kh1 Qxf4 23. Rxf4 Be3 24. Rff1 Bxc1 25. Rxc1 Bd7 26. g4 g6 27. fxg6
hxg6 28. g5 Rc5 29. h4 Kf8 30. Kg2 Bc6 31. Re1 Rf5 32. Re3 Ke7 33. Kg3 Rf3+ 34.
Rxf3 exf3 35. Nb1 Bd5 36. Nc3 Bc6 37. Nb1 Kd6 38. Nd2 Bd5 39. a3 Kc5 40. Nxf3
Kc4 41. Ne5+ Kb3 42. Nd3 Bc4 43. Ne5 b5 44. h5 gxh5 45. Kh4 Kxb2 46. a4 a6 47.
axb5 axb5 48. Kxh5 Kc3 49. Nd7 Bd3 50. Kh6 b4 51. Nc5 b3 52. Nxb3 Kxb3 53. Kg7
Bg6 54. Kf6 Kc4 55. Ke5 Kc5 0-1

[Event "37th ECC Women 2022"]
[Site "Mayrhofen AUT"]
[Date "2022.10.08"]
[Round "6.7"]
[Board "2"]
[White "Federovski, Adi"]
[Black "Schloffer, Jasmin-Denise"]
[Result "0-1"]
[BlackTitle "WFM"]
[WhiteElo "1967"]
[BlackElo "2086"]
[WhiteTeam "Rishon Lezion Chess Club"]
[BlackTeam "SK Zell/Zillertal"]
[WhiteFideId "2813777"]
[BlackFideId "1631209"]
[EventDate "2022.10.03"]

1. e4 e5 2. Nf3 Nc6 3. Bb5 a6 4. Ba4 Nf6 5. d3 b5 6. Bb3 Be7 7. O-O d6 8. c3 O-O
9. Nbd2 Na5 10. Bc2 c5 11. Re1 Nc6 12. Nf1 Be6 13. Ne3 Qc7 14. Ng5 Bd7 15. Nd5
Qd8 16. Nxe7+ Nxe7 17. h3 Ng6 18. d4 Qc7 19. Nf3 Rfc8 20. a4 cxd4 21. axb5 Bxb5
22. Bb3 dxc3 23. bxc3 h6 24. Ba3 Rd8 25. c4 Bc6 26. Qc2 Qb7 27. Nd2 Nf4 28. Rab1
Qe7 29. Nf3 Nd7 30. Ba4 Bxa4 31. Qxa4 Qf6 32. Re3 Qg6 33. Ne1 Nc5 34. Bxc5 dxc5
35. Qa5 Qd6 36. Nf3 Rab8 37. Ra1 Rd7 38. Qa4 Rb4 39. Qc2 Rdb7 40. Rd1 Qg6 41.
Ne1 Rb2 42. Qa4 Rb8 43. Qd7 Re2 44. Rxe2 Nxe2+ 45. Kf1 Qxe4 46. Qd3 Qxd3 47.
Nxd3 Nc3 48. Re1 f6 49. Nxc5 Rc8 50. Nxa6 Rxc4 51. Rc1 Ne4 52. Rxc4 Nd2+ 53. Ke2
Nxc4 54. Nc5 Nd6 55. Ke3 Kf7 56. f4 exf4+ 57. Kxf4 g5+ 58. Kf3 f5 59. Nd3 Ke6
60. Nc5+ Kd5 61. Nd7 Nf7 62. Nb6+ Kd4 63. g3 Ne5+ 64. Kf2 f4 65. gxf4 gxf4 66.
Nc8 Nf7 67. Ne7 Ke5 68. Ng6+ Ke4 69. h4 h5 70. Ne7 Ne5 71. Nc8 Ng6 72. Nd6+ Ke5
73. Nf7+ Kf5 74. Nh6+ Ke4 75. Ng8 Ke5 76. Nh6 Nxh4 77. Ke2 Ke4 78. Ng8 Kf5 79.
Ne7+ Kg4 80. Kf2 Nf5 81. Ng6 Nd4 82. Kg2 Ne6 83. Kf2 Ng5 84. Kg2 h4 85. Ne5+ Kf5
86. Nd3 Ke4 87. Nf2+ Ke3 88. Ng4+ Ke2 89. Kh2 f3 90. Kg1 Ne4 91. Nh2 Ng3 92. Ng4
Ke1 93. Kh2 f2 0-1

[Event "37th ECC Women 2022"]
[Site "Mayrhofen AUT"]
[Date "2022.10.08"]
[Round "6.7"]
[Board "3"]
[White "Schnegg, Anna-Lena"]
[Black "Reprun, Nadejda"]
[Result "0-1"]
[WhiteTitle "WFM"]
[WhiteElo "2154"]
[BlackElo "1968"]
[WhiteTeam "SK Zell/Zillertal"]
[BlackTeam "Rishon Lezion Chess Club"]
[WhiteFideId "1625268"]
[BlackFideId "2806843"]
[EventDate "2022.10.03"]

1. g3 d5 2. Bg2 Nf6 3. Nf3 Bf5 4. O-O c6 5. d3 h6 6. Nbd2 e6 7. c3 Be7 8. Qc2
O-O 9. b3 Bh7 10. Bb2 Nbd7 11. Rad1 Qc7 12. Rfe1 Rfd8 13. Qc1 a5 14. Ba3 Bxa3
15. Qxa3 b5 16. e4 Nb6 17. e5 Nfd7 18. d4 c5 19. Qb2 c4 20. Bf1 Rdb8 21. Ra1 b4
22. Rec1 Rc8 23. a3 bxa3 24. Rxa3 Rcb8 25. Rca1 cxb3 26. Rxb3 Nc4 27. Qa2 Rxb3
28. Qxb3 Rb8 29. Qa4 Ndb6 30. Qa2 Nxd2 31. Qxd2 Be4 32. Ne1 Rc8 33. Rxa5 Nc4 34.
Bxc4 Qxa5 35. Bd3 Qxc3 36. Qe3 Bxd3 37. Nxd3 Rc4 0-1

[Event "37th ECC Women 2022"]
[Site "Mayrhofen AUT"]
[Date "2022.10.08"]
[Round "6.7"]
[Board "4"]
[White "Vardi, Shlomit"]
[Black "Wu, Min"]
[Result "1-0"]
[WhiteElo "1769"]
[BlackElo "1934"]
[WhiteTeam "Rishon Lezion Chess Club"]
[BlackTeam "SK Zell/Zillertal"]
[WhiteFideId "2801442"]
[BlackFideId "1631969"]
[EventDate "2022.10.03"]

1. e4 e5 2. Nf3 Nc6 3. Bc4 Nf6 4. d3 Bc5 5. c3 a6 6. Bb3 Ba7 7. O-O O-O 8. Re1
d6 9. Nbd2 Ng4 10. Rf1 Kh8 11. h3 Nh6 12. Nc4 f5 13. exf5 Nxf5 14. Ne3 Nh4 15.
Nh2 Ng6 16. Nd5 Be6 17. Qh5 Rf5 18. Qd1 Na5 19. Ne3 Nxb3 20. axb3 Rf7 21. Nf3
Nf4 22. h4 h6 23. Kh2 Qf6 24. d4 e4 25. Nd2 Qxh4+ 26. Kg1 Nd3 27. g3 Qe7 28.
Nxe4 Nxc1 29. Rxc1 Bh3 30. Qd3 Bxf1 31. Rxf1 Re8 32. Nd2 c6 33. Qg6 d5 34. Kg2
Qf6 35. Qh5 Bb8 36. Nf3 Kg8 37. Nd2 Re6 38. b4 Qg6 39. Qh3 Re8 40. Nf3 Qe4 41.
Qg4 Ref8 42. Qxe4 dxe4 43. Nd2 Re8 44. Re1 g6 45. Ng4 Kg7 46. Nxe4 h5 47. Nh2
Rf5 48. Nf3 a5 49. bxa5 Rxa5 50. b4 Ra2 51. Nfg5 Bc7 52. Nf3 Kh6 53. Re3 Re7 54.
Nfg5 b6 55. Rf3 Re2 56. Nf7+ Kg7 57. Neg5 Rc2 58. b5 cxb5 59. d5 Rd2 60. Ne6+
Kg8 61. Nfg5 Rxe6 62. dxe6 Re2 63. Rf6 Bd8 64. Rxg6+ Kf8 65. Kf1 Rc2 66. Ne4 Be7
67. f4 b4 68. cxb4 Rc4 69. Ng5 Bxb4 70. f5 Rc5 71. f6 Rf5+ 72. Kg2 1-0

[Event "37th ECC Women 2022"]
[Site "Mayrhofen AUT"]
[Date "2022.10.08"]
[Round "6.8"]
[Board "1"]
[White "Enkhtuul, Altan-Ulzii"]
[Black "Peglau, Charis"]
[Result "1-0"]
[WhiteTitle "WGM"]
[WhiteElo "2295"]
[BlackElo "1960"]
[WhiteTeam "Philidor Mulhouse"]
[BlackTeam "Schachzentrum Seeblick e.V."]
[WhiteFideId "4901444"]
[BlackFideId "16219996"]
[EventDate "2022.10.03"]

1. Nf3 Nf6 2. g3 g6 3. Bg2 Bg7 4. O-O O-O 5. d4 d5 6. Nbd2 c6 7. Re1 Bf5 8. Nh4
Nbd7 9. Nf1 Nb6 10. c3 Nc4 11. Ne3 Nd6 12. Nexf5 Nxf5 13. Nxf5 gxf5 14. Bf4 Qd7
15. Qc1 Kh8 16. Be5 Rg8 17. c4 Ne4 18. f3 Nd6 19. cxd5 cxd5 20. Qf4 Nc4 21.
Bxg7+ Rxg7 22. b3 Nd6 23. Rac1 f6 24. Rc5 e6 25. Rec1 Qd8 26. a4 Ne8 27. Qe3 Re7
28. R1c2 Qd7 29. Qh6 Rg7 30. Qc1 Re7 31. Bf1 a6 32. Qd2 Rd8 33. Kf2 Rg7 34. Qf4
Qd6 35. Qc1 Re7 36. Bh3 Kg7 37. Bf1 Kh8 38. Qh6 Rg7 39. Bh3 Kg8 40. Rc8 Rxc8 41.
Rxc8 Qd7 42. Ra8 Rg6 43. Qf4 Kf7 44. Qb8 Rg8 45. g4 fxg4 46. Bxg4 Rf8 47. Bh5+
Ke7 48. Qg3 Qc6 49. Bxe8 Rxe8 50. Qg7+ Kd6 51. Rxe8 Qxe8 52. Qxb7 Qh5 53. Qxa6+
Kc7 54. Qa5+ Kb7 55. Qb4+ Kc7 56. Qe7+ Kb8 57. Qd6+ Kb7 58. a5 Qh4+ 59. Ke3 Qg5+ 1-0

[Event "37th ECC Women 2022"]
[Site "Mayrhofen AUT"]
[Date "2022.10.08"]
[Round "6.8"]
[Board "2"]
[White "Peglau, Dora"]
[Black "Klek, Hanna Marie"]
[Result "0-1"]
[BlackTitle "WGM"]
[WhiteElo "1745"]
[BlackElo "2301"]
[WhiteTeam "Schachzentrum Seeblick e.V."]
[BlackTeam "Philidor Mulhouse"]
[WhiteFideId "16220005"]
[BlackFideId "24670057"]
[EventDate "2022.10.03"]

1. Nf3 d5 2. d4 e6 3. c4 a6 4. cxd5 exd5 5. Nc3 Be6 6. Bf4 Bd6 7. Bg3 Nf6 8. e3
O-O 9. Bd3 c6 10. O-O Bg4 11. Qc2 Bxf3 12. gxf3 g6 13. Rad1 a5 14. Be2 Na6 15.
e4 Nb4 16. Qb1 Nh5 17. a3 Na6 18. Kh1 Bf4 19. b4 axb4 20. axb4 Nc7 21. b5 Qd6
22. Qc2 Ne6 23. bxc6 bxc6 24. e5 Qb4 25. Bxf4 Nhxf4 26. Qd2 Rfb8 27. Rfe1 Ra3
28. Nb1 Qxd2 29. Nxd2 Ra2 30. Bf1 Nxd4 0-1

[Event "37th ECC Women 2022"]
[Site "Mayrhofen AUT"]
[Date "2022.10.08"]
[Round "6.8"]
[Board "3"]
[White "Navrotescu, Andreea"]
[Black "Peglau, Mirjam"]
[Result "1-0"]
[WhiteTitle "WGM"]
[WhiteElo "2287"]
[BlackElo "1886"]
[WhiteTeam "Philidor Mulhouse"]
[BlackTeam "Schachzentrum Seeblick e.V."]
[WhiteFideId "675946"]
[BlackFideId "16211138"]
[EventDate "2022.10.03"]

1. c4 c5 2. Nc3 Nf6 3. Nf3 d5 4. cxd5 Nxd5 5. e4 Nb4 6. d4 cxd4 7. Bb5+ N8c6 8.
a3 dxc3 9. Qxd8+ Kxd8 10. axb4 Bd7 11. O-O cxb2 12. Bxb2 f6 13. Rfd1 Ke8 14. Ba4
e5 15. b5 Nd8 16. Nd2 Bc5 17. Nc4 b6 18. Ne3 Ne6 19. Bb3 Nc7 20. Nd5 Ne6 21. Bc4
Kd8 22. Nxb6 1-0

[Event "37th ECC Women 2022"]
[Site "Mayrhofen AUT"]
[Date "2022.10.09"]
[Round "7.1"]
[Board "1"]
[White "Kashlinskaya, Alina"]
[Black "Danielian, Elina"]
[Result "1-0"]
[WhiteTitle "IM"]
[BlackTitle "GM"]
[WhiteElo "2482"]
[BlackElo "2431"]
[WhiteTeam "BGK KS Gwiazda Bydgoszcz"]
[BlackTeam "ASVOe Pamhagen"]
[WhiteFideId "4198026"]
[BlackFideId "13300210"]
[EventDate "2022.10.03"]

1. d4 Nf6 2. c4 e6 3. Nc3 Bb4 4. a3 Bxc3+ 5. bxc3 b6 6. f3 d5 7. cxd5 exd5 8. e3
O-O 9. Bd3 c5 10. Ne2 Ba6 11. O-O Bxd3 12. Qxd3 Re8 13. Ng3 Nc6 14. Bb2 h5 15.
Rae1 h4 16. Nf5 h3 17. Ng3 hxg2 18. Kxg2 cxd4 19. cxd4 Rc8 20. Kh1 Qd7 21. e4
dxe4 22. fxe4 Ne5 23. Qe2 Neg4 24. Qg2 Qa4 25. Re2 Rc2 26. Rxc2 Ne3 27. Qf2 Qxc2
28. Qxc2 Nxc2 29. Rc1 Ne3 30. d5 Nfg4 31. Kg1 b5 32. h3 Nc4 33. hxg4 Nxb2 34.
Rb1 Nc4 35. Rxb5 Nxa3 36. Rc5 g6 37. d6 Kf8 38. e5 a6 39. Ne4 Nb5 40. Rc4 Rd8
41. g5 a5 42. Nf6 Na7 43. Kf2 Kg7 44. Ke3 Kf8 45. Ke4 Nc8 46. Rc1 Na7 47. Kd5
Nb5 48. Rc5 Na7 49. Rxa5 Nc8 50. Kc6 Kg7 51. Kc7 Rh8 52. d7 Ne7 53. Ne8+ 1-0

[Event "37th ECC Women 2022"]
[Site "Mayrhofen AUT"]
[Date "2022.10.09"]
[Round "7.1"]
[Board "2"]
[White "Ushenina, Anna"]
[Black "Kiolbasa, Oliwia"]
[Result "1/2-1/2"]
[WhiteTitle "GM"]
[BlackTitle "WIM"]
[WhiteElo "2445"]
[BlackElo "2404"]
[WhiteTeam "ASVOe Pamhagen"]
[BlackTeam "BGK KS Gwiazda Bydgoszcz"]
[WhiteFideId "14110911"]
[BlackFideId "1154613"]
[EventDate "2022.10.03"]

1. d4 d5 2. c4 e6 3. Nc3 Nf6 4. Bg5 dxc4 5. e3 h6 6. Bh4 c5 7. dxc5 Qxd1+ 8.
Rxd1 Bxc5 9. Bxc4 a6 10. Nf3 Nbd7 11. O-O b5 12. Be2 Bb7 13. Rc1 Rc8 14. Nd2 O-O
15. a3 Bd6 16. Bg3 Bxg3 17. hxg3 Nc5 18. Rc2 Rfd8 19. Rfc1 Rxd2 20. Rxd2 Nb3 21.
Rcd1 Nxd2 22. Rxd2 Ne4 23. Nxe4 Bxe4 24. f3 Bd5 25. e4 Bc6 26. Rc2 Bd7 27. Rxc8+
Bxc8 28. Kf2 e5 29. Ke3 Kf8 30. Kd3 Bd7 31. a4 a5 32. Bd1 Ke7 33. b3 1/2-1/2

[Event "37th ECC Women 2022"]
[Site "Mayrhofen AUT"]
[Date "2022.10.09"]
[Round "7.1"]
[Board "3"]
[White "Antolak, Julia"]
[Black "Osmak, Yuliia"]
[Result "0-1"]
[WhiteTitle "WGM"]
[BlackTitle "IM"]
[WhiteElo "2315"]
[BlackElo "2428"]
[WhiteTeam "BGK KS Gwiazda Bydgoszcz"]
[BlackTeam "ASVOe Pamhagen"]
[WhiteFideId "1159569"]
[BlackFideId "14101602"]
[EventDate "2022.10.03"]

1. e4 e5 2. Nf3 Nc6 3. Bb5 a6 4. Ba4 Bc5 5. c3 Nge7 6. d4 exd4 7. cxd4 Bb4+ 8.
Nc3 d5 9. exd5 Qxd5 10. O-O Bxc3 11. bxc3 Bg4 12. Bf4 O-O-O 13. Qd3 Ng6 14. Bg3
Bxf3 15. Qxf3 Qxf3 16. gxf3 h5 17. h3 Nce7 18. Rfe1 Nd5 19. Bb3 h4 20. Bh2 Rh5
21. Kf1 Rf5 22. Bxd5 Rdxd5 23. Re3 Ra5 24. Kg2 Ra3 25. c4 Ra4 26. Rc1 Rxa2 27.
d5 Kd7 28. Rb3 Kc8 29. Re3 Rb2 30. c5 Rg5+ 31. Kf1 Rxd5 32. c6 bxc6 33. Rxc6
Rb1+ 34. Ke2 Rd7 35. Rec3 Re7+ 36. Kd3 Rd1+ 37. Kc2 Rdd7 38. Bd6 Ne5 39. Bxe5
Rxe5 40. Rxa6 Re2+ 41. Kb3 Rxf2 42. Ra8+ Kb7 43. Ra4 g5 44. Rg4 f6 45. Rb4+ Kc8
46. Rb5 Kd8 47. Rb8+ Ke7 48. Rc8 Ke6 49. Rf8 Rd6 50. Rc8 c6 51. R8xc6 Rxc6 52.
Rxc6+ Kf5 53. Rc3 Ke5 0-1